| 000 | 00335nam a2200133 a 4500 | ||
|---|---|---|---|
| 001 | 4865 | ||
| 003 | CDMR | ||
| 005 | 20130116135300.0 | ||
| 008 | 130130s1996||||||||||||||||||||||||||||d | ||
| 040 |
_aCDMR _bcat _cCPC GIRONA |
||
| 245 | 0 |
_aIII Congrés de Periodistes Catalans _bPeriodisme i empresa |
|
| 260 |
_c1996 _bWinterthur |
||
| 942 | _cMON | ||
| 999 |
_c4865 _d4865 |
||